Discussion paper (Record no. 114519)

MARC details
000 -LEADER
fixed length control field 01380cad a22002175a 4500
001 - CONTROL NUMBER
control field L156965
008 - FIXED-LENGTH DATA ELEMENTS--GENERAL INFORMATION
fixed length control field 120801s2012 xxk f 000 0 eng d
035 ## - SYSTEM CONTROL NUMBER
System control number (Sirsi) u156965
041 0# - LANGUAGE CODE
Language code of text/sound track or separate title eng
110 2# - MAIN ENTRY--CORPORATE NAME
Corporate name or jurisdiction name as entry element International Valuation Standards Council
9 (RLIN) 5828
245 00 - TITLE STATEMENT
Title Discussion paper
Remainder of title the valuation of trade related property August 2012
Medium [electronic resource]
260 ## - PUBLICATION, DISTRIBUTION, ETC.
Place of publication, distribution, etc. London
Name of publisher, distributor, etc. IVSC
Date of publication, distribution, etc. 2012
490 #0 - SERIES STATEMENT
Series statement International Valuation Standards Council Discussion Papers
Volume/sequential designation August 2012
520 ## - SUMMARY, ETC.
Summary, etc. Seeks to establish whether "Trade Related Property" (TRP), defined in IVSC GN12 as ?any type of real property designed for a specific type of business where the property value reflects the trading potential for that business.?, represents a distinct asset class that presents unique valuation challenges, whether there are procedures that differ from those in the existing International Valuation Standards that should be regarded as mandatory, and whether guidance is required on the application of different valuation approaches to TRP. Comments are invited before 31 October 2012.
590 ## - LOCAL NOTE (RLIN)
Local note KA NTK
651 #4 - SUBJECT ADDED ENTRY--GEOGRAPHIC NAME
Geographic name International
690 ## - LOCAL SUBJECT ADDED ENTRY--TOPICAL TERM (OCLC, RLIN)
Topical term or geographic name as entry element Valuation
9 (RLIN) 6273
690 ## - LOCAL SUBJECT ADDED ENTRY--TOPICAL TERM (OCLC, RLIN)
Topical term or geographic name as entry element Commercial property
9 (RLIN) 6227
856 40 - ELECTRONIC LOCATION AND ACCESS
Uniform Resource Identifier <a href="https://www.ivsc.org/~ivscorg/sites/default/files/Discussion%20Paper%20TR-12%20%20approved.pdf">https://www.ivsc.org/~ivscorg/sites/default/files/Discussion%20Paper%20TR-12%20%20approved.pdf</a>
Public note View the discussion paper at www.ivsc.org
942 ## - ADDED ENTRY ELEMENTS (KOHA)
Suppress in OPAC 0
Holdings
Withdrawn status Lost status Source of classification or shelving scheme Damaged status Not for loan Home library Current library Shelving location Date acquired Total Checkouts Full call number Barcode Date last seen Copy number Price effective from Koha item type
    Dewey Decimal Classification     Virtual Virtual Online 01/08/2012   ONLINE PUBLICATION 156965-2001 06/08/2019 1 06/08/2019 Book